000 00908nam a2200289Ia 4500
001 Z_915
003 CHAP
008 220113s1982 xx 000 0 und d
010 _a163990
040 _cCHAP
090 _aFolleto 207
100 _aPérez Domínguez, Marcelo
_9138035
245 _aAnatomía e histología : anatomía e histología de la glándula mamaria de la vaca lechera /
_cpor Marcelo Pérez Domínguez y Víctor Campos R.
260 _aTexcoco, Méx. :
_bTécnica y Productos Agropecuarios Texcoco,
_c1982
300 _a30 p.
440 _aManual sobre la glándula mamaria; Fascículo; 1
_9138045
500 _a
503 _a
650 _aGanado vacuno
_xAnatomía y fisiología I. Campos R., Víctor II. t.
_9138046
650 _aGlándulas mamarias
_948293
901 _aFolleto 207
902 _aA
910 _a1982
942 _cc14
942 _cc14
999 _c163990
_d163990